000 00817cam a2200337 4500
001 J2945
008 090401t1995 xxu||||| |||| 00| 0 eng d
035 _a(Sirsi) u52119
041 _aeng
050 _a333.337016
110 _aJones Lang Wootton
_92909
245 _aEuropean retail index. - First edtion (Spring 1995)
260 _aLondon
_bJones Lang Wootton
_c1995
300 _a(26)p. ; 30cm.
350 _a0
650 _aAMSTERDAM
650 _aBRUSSELS
650 _aCAPITAL VALUES
650 _aEUROPEAN RETAIL INDEX
650 _aHAMBURG
650 _aLONDON
650 _aMADRID
650 _aMILAN
650 _aPARIS
650 _aPROPERTY INDICES
650 _aRENTAL VALUES
650 _aRETAIL PROPERTY
690 _aOVERSEAS-EUROPE
942 _n0
948 _c04/03/1997
999 _c92993
_d92993